Регионална библиотека "Любен Каравелов" - Русе

Кюстендилският говор (Запис номер 456723)

MARC детайли
000 -Лидер
Контролно поле с фиксирана дължина nam a22 a 4500
003 - Код на организацията, давaща контролен номер
Контролно поле BLK
005 - Дата и час на последна редакция
Контролно поле 20220519111052.0
008 - Елементи от данни с фиксирана дължина
fixed length control field 220519b bu |||||r|||| 00| | bu d
040 ## - Източник на каталожния запис
Идентификатор на билиотеката - собственик на записа BLK
041 ## - Код за език
Код за езика на текст/звукозапис или на отделно заглавие Български
Код за езика КДБФ Български
080 ## - УДК
Текстов определител УДК Български език
УДК код - определител по УДК 811.163.2
УДК определител (497.2)
УДК - код + определител 811.163.2(497.2)
100 ## - Редна дума - Автор
R(LIN) 304138
Автор Умленски, Иван Василев
Авторска отговорност първи автор
139 ## - Редно поле
Редна дума Умленски, Иван
245 ## - Сведения за заглавието
Заглавие Кюстендилският говор
Редно поле (дума) Иван Умленски ; отг. ред. Ст. Стойков
260 ## - Област на издателските данни
9 (RLIN) 406277
Място на издаване, разпространение и проч. София
Име на издателя, разпространителя и проч. БАН
Година на издаване 1965
300 ## - Физическа характеристика
Страници 282 с.
Илюстрации и др. с к.
Размери/Мащаб 25 см
380 ## - Жанр
Жанр Езикознание. Филология
490 ## - СЕРИИ (Колекции)
9 (RLIN) 206265
Име на серия Трудове по българска диалектология
№: серия Кн.1
500 ## - Общи забележки
Забележка Изд. на БАН. Инст. за бълг. ез<br/>550 тир<br/>
504 ## - Забележка за наличие на библиография и др
Забележка за наличие на библиография и под. Библиогр. с. 277-278
650 #0 - Допълнително описание по предмет – тема
9 (RLIN) 241883
Основно описание – тема или топоним Български език - диалекти
651 #7 - Допълнително описание по предмет - топоним
9 (RLIN) 179116
Географско понятие Кюстендилско
653 #7 - Ключова дума – ненормативна
9 (RLIN) 182679
Ключова дума български език
653 #7 - Ключова дума – ненормативна
9 (RLIN) 185049
Ключова дума диалекти
653 #7 - Ключова дума – ненормативна
9 (RLIN) 184203
Ключова дума говор
700 ## - Други автори (авторска отговорност)
9 (RLIN) 748
Лично име Стойков, Стойко Иванов
Автороска отговорност (Описва отношението между автора и произведението) отг. ред.
852 ## - Местоположение
Форматна сигнатура Цб 33438
Фондова буква Хранилище
999 ## - СИСТЕМНИ КОНТРОЛНИ НОМЕРА
Koha biblionumber 456723
Koha biblioitemnumber 456723
942 ## - АРТИКУЛИ
Вид на библиотечния материал Книги
Скрит в OPAC Не
Периодичен библиозапис Да
944 ## - СЪЗДАВАНЕ И РЕДАКЦИЯ на ЗАПИСА
Създаване/Редакция Създаване
Дата на регистрацията/редакция 2022-05-19
Служител, извършил регистрацията/редакцията Микаела Микова-Илиева
Статус, дата на статуса 2022-05-19
Наличности
Код за отписване Код за изгубен артикул Източник на класификационната схема Код за повреда Коз за рестрикции Код за отдаване Артикулен № Име на библиотеката - собственик Име на библиотеката, в която се намира в момента Статус (Текущо местоположение) Дата на вписване в системата Местоположение - отдел Цена в лева Инвентарен номер Систематично азбучна сигнатура Баркод Цена в евро Служебен тип на артикула
  Не е изгубен Universal Decimal Classification Не е повреден само за читалня ползва се в читалня 886182 Регионална библиотека "Любен Каравелов" Русе Регионална библиотека "Любен Каравелов" Русе Хранилище 2022-05-25 Хранилище 2.73 7479/65 Цб 33438 900000095585 1.40 Книги
Vip Innovations Ltd, Rousse, Bulgaria 2025